Normal view MARC view
  • Tandon, Mahesh Prasad and Rajesh

Entry Personal Name

Number of records used in: 1

001 - CONTROL NUMBER

  • control field: 3033

003 - CONTROL NUMBER IDENTIFIER

  • control field: OSt

005 - DATE AND TIME OF LATEST TRANSACTION

  • control field: 20160628110520.0

008 - FIXED-LENGTH DATA ELEMENTS

  • fixed length control field: 160628|| aca||aabn | a|a d

040 ## - CATALOGING SOURCE

  • Original cataloging agency: OSt
  • Transcribing agency: OSt

100 ## - HEADING--PERSONAL NAME

  • Personal name: Tandon, Mahesh Prasad and Rajesh

670 ## - SOURCE DATA FOUND

  • Source citation: Work cat.: (OSt): Tandon, Mahesh Prasad and Rajesh, Mohammedan Law, 2000